Metodos y sistemas de pesca

Gardado en:
Detalles Bibliográficos
Main Authors: Melo Fuentes, Teófilo Federico (autor), Araya Riveros, Manuel Felipe (Author)
Corporate Authors: PEIDPA (Author), Programa de Entrenamiento en Investigación para el Desarrollo Pesquero Artesanal (Author)
Formato: Libro
Idioma:Lingua castelá
Publicado: Valparaíso Universidad Católica de Valparaíso 1985
Subjects:
Tags: Engadir etiqueta
Sen Etiquetas, Sexa o primeiro en etiquetar este rexistro!

MARC

LEADER 00000nam a2200000 a 4500
001 UCR4897
003 CL-VaPUC
005 20221213074623.0
008 980320e19850000cl 1 spa d
082 0 4 |a 639.2  |b MEL  |2 21 
100 |a Melo Fuentes, Teófilo Federico  |e autor  |9 769702 
700 1 |a Araya Riveros, Manuel Felipe  |e author  |9 618811 
110 2 |a PEIDPA  |e author  |9 618812 
710 2 |a Programa de Entrenamiento en Investigación para el Desarrollo Pesquero Artesanal  |e author  |9 618813 
245 1 0 |a Metodos y sistemas de pesca 
246 1 0 |a Planos de redes y aparejos de pesca 
246 1 0 |a Diseño de artes de pesca 
246 1 0 |a Materiales usados en la construccion de artes de pesca 
246 1 0 |a Taller de materiales y elementos de pesca 
246 1 0 |a Dimensionamiento de artes de pesca 
246 1 0 |a Construccion de artes y aparejos de pesca 
260 |a Valparaíso  |b Universidad Católica de Valparaíso  |c 1985 
300 |a 139 p 
583 |a last modification  |c 19980320 00:00:00  |k Rodrigo Vera 
650 0 0 |a Pesca artesanal   |9 261256 
650 0 7 |a METODOS DE PESCA  |2 CL-VaPUC  |9 261501 
650 0 7 |a IMPLEMENTOS DE PESCA  |2 CL-VaPUC  |9 261900 
650 0 0 |a Recursos pesqueros  |9 255431 
942 |c BK 
945 |a crobeson  |d 19980320 00:00:00 
546 |a En Español 
536 |a PEIDPA 
518 |p PEIDPA 85, Valparaíso, 13 de mayo al 30 de junio de 1985 
999 |c 383121  |d 383119 
952 |0 0  |1 0  |4 0  |6 639_200000000000000_MEL_1985  |7 0  |8 CCM  |9 505140  |a BIBCUR  |b BIBCUR  |d 2020-01-23  |i 1967428  |l 1  |o 639.2 MEL 1985  |p 1967428  |r 2025-04-22  |s 2022-11-02  |w 2020-01-23  |y BK  |k CIM